<El> Darwinismo en Espaňa e Iberoamérica
Guardado en:
| Otros Autores: | |
|---|---|
| Formato: | Libro |
| Lenguaje: | español |
| Publicado: |
Madrid
Consejo superior de investigaciones científicas
1999
|
| Materias: | |
| Etiquetas: |
Sin Etiquetas, Sea el primero en etiquetar este registro!
|
MARC
| LEADER | 00000nam a2200000 4500 | ||
|---|---|---|---|
| 001 | c131693 | ||
| 005 | 20221221081938.5 | ||
| 020 | |a 84-00-07856-X | ||
| 041 | 0 | |a spa | |
| 044 | |a ES | ||
| 245 | 1 | 0 | |a <El> Darwinismo en Espaňa e Iberoamérica |c (editores): Thomas F. Glick ... [et al.] |
| 264 | 1 | |a Madrid |b Consejo superior de investigaciones científicas |c 1999 | |
| 300 | |a 333 s. | ||
| 610 | 2 | 0 | |a biológia |
| 610 | 2 | 0 | |a Španielsko |
| 610 | 2 | 0 | |a Latinská Amerika |
| 700 | 1 | |a Glick, Thomas F. | |